[Event "Lund op"]
[Site "Lund"]
[Date "2016.03.29"]
[Round "6"]
[White "Sjodahl, Sten"]
[Black "Lindvall, Johannes"]
[Result "0-1"]
[WhiteElo "1916"]
[BlackElo "2060"]
[PlyCount "58"]
[EventDate "2016.02.09"]
[EventType "swiss"]
[EventRounds "7"]
[EventCountry "SWE"]
[SourceTitle "EXT 2019"]
[Source "ChessBase"]
[SourceDate "2018.10.10"]
[SourceVersion "1"]
[SourceVersionDate "2018.10.10"]
[SourceQuality "1"]

1. d4 d5 2. g3 Nf6 3. Bg2 e6 4. Nf3 Be7 5. 0-0 0-0 6. Nbd2 c5 7. c4 Nc6 8. cxd5 Nxd5 9. dxc5 Bxc5 10. Qc2 Be7 11. a3 Bd7 12. e4 Nf6 13. Rd1 Rc8 14. Qd3 Qc7 15. b4 Rfd8 16. Qe2 Ne5 17. Bb2 Nxf3+ 18. Nxf3 Qc2 19. Qxc2 Rxc2 20. Bxf6 Bxf6 21. e5 Be7 22. Rd3 Kf8 23. Rad1 Ke8 24. Nd4 Rc7 25. f4 Ba4 26. R1d2 Rcd7 27. Be4 a5 28. f5 axb4 29. fxe6 Rxd4 0-1